书目信息 |
| 题名: |
企业成本核算实务
|
|
| 作者: | 汤泉 , 刘淑春 编著 | |
| 分册: | ||
| 出版信息: | 北京 中国人民大学出版社 2013 |
|
| 页数: | 334页 | |
| 开本: | 26cm | |
| 丛书名: | ||
| 单 册: | ||
| 中图分类: | F275.3 | |
| 科图分类: | ||
| 主题词: | 企业管理--成本计算--高等职业教育--教材 | |
| 电子资源: | ||
| ISBN: | 978-7-300-16967-5 | |
| 000 | 01213nam0 2200265 450 | |
| 001 | 338682 | |
| 005 | 20150603152458.00 | |
| 010 | @a978-7-300-16967-5@dCNY46.80 | |
| 100 | @a20130724d2013 em y0chiy50 ea | |
| 101 | 0 | @achi |
| 102 | @aCN@b110000 | |
| 105 | @ak z 000yy | |
| 106 | @ar | |
| 200 | 1 | @a企业成本核算实务@Aqi ye cheng ben he suan shi wu@d= Corporate cost accounting practices@f汤泉, 刘淑春编著@zeng |
| 210 | @a北京@c中国人民大学出版社@d2013 | |
| 215 | @a334页@d26cm | |
| 300 | @a21世纪高职高专规划教材 会计系列 | |
| 330 | @a本书选择以典型制造企业为载体, 以典型产品——摩托车的制造过程为成本核算对象, 以典型工作任务为先导, 以企业的业务流程、业务部门为编写主轴, 将企业成本核算流程与具体成本核算方法相结合, 注重“学做并重”, 内容安排上实现了“学中做、做中学”、“边学边做、学做并重”的理实一体化教学模式, 与本书配套的《企业成本核算实务练习与训练》一书提供了完整的核算资料和所需的单、证、表。 | |
| 510 | 1 | @aCorporate cost accounting practices@zeng |
| 606 | 0 | @a企业管理@x成本计算@x高等职业教育@j教材 |
| 690 | @aF275.3@v5 | |
| 701 | 0 | @a汤泉@Atang quan@c(财务)@4编著 |
| 701 | 0 | @a刘淑春@Aliu shu chun@c(会计学)@4编著 |
| 801 | 0 | @aCN@b卓展宏图@c20150525 |
| 905 | @dF275.3@e1220@f4 | |
| 企业成本核算实务= Corporate cost accounting practices/汤泉, 刘淑春编著.-北京:中国人民大学出版社,2013 |
| 334页;26cm |
| 21世纪高职高专规划教材 会计系列 |
| ISBN 978-7-300-16967-5:CNY46.80 |
| 本书选择以典型制造企业为载体, 以典型产品——摩托车的制造过程为成本核算对象, 以典型工作任务为先导, 以企业的业务流程、业务部门为编写主轴, 将企业成本核算流程与具体成本核算方法相结合, 注重“学做并重”, 内容安排上实现了“学中做、做中学”、“边学边做、学做并重”的理实一体化教学模式, 与本书配套的《企业成本核算实务练习与训练》一书提供了完整的核算资料和所需的单、证、表。 |
| ● |
| 相关链接 |
|
|
|
|
正题名:企业成本核算实务
索取号:F275.3/1220
 
预约/预借
| 序号 | 登录号 | 条形码 | 馆藏地/架位号 | 状态 | 备注 |
| 1 | 860103 | 208601039 | 第一样本阅览室/ [索取号:F275.3/1220] | 在馆 | |
| 2 | 860104 | 208601048 | 密集书库-海洋学院/ [索取号:F275.3/1220] | 在馆 | |
| 3 | 860105 | 208601057 | 第一借阅区/ [索取号:F275.3/1220] | 在馆 | |
| 4 | 860106 | 208601066 | 第一借阅区/ [索取号:F275.3/1220] | 在馆 |